Sistematización sobre el impacto y el abordaje del VIH SIDA en el ámbito laboral: informe subregional
Enregistré dans:
| Collectivité auteur: | |
|---|---|
| Format: | Texte |
| Publié: |
Costa Rica :
OIT
|
| Sujets: | |
| Tags: |
Ajouter un tag
Pas de tags, Soyez le premier à ajouter un tag!
|
MARC
| LEADER | 00000 a a2200000 04500 | ||
|---|---|---|---|
| 001 | 35113 | ||
| 003 | |||
| 040 | |||
| 020 | |a 92-2-318188-7 | ||
| 022 | |a 92-2-318188-7 | ||
| 090 | |a 1002 O32Ss | ||
| 110 | |a Organización Internacional del Trabajo | ||
| 245 | |a Sistematización sobre el impacto y el abordaje del VIH SIDA en el ámbito laboral: informe subregional | ||
| 260 | |a Costa Rica : |b OIT | ||
| 300 | |a 41 p. | ||
| 650 | |a VIH | ||
| 650 | |a SIDA | ||
| 650 | |a AMBIENTE DE TRABAJO | ||
| 650 | |a SEGURIDAD LABORAL | ||
| 650 | |a SALUD | ||
| 650 | |a SOCIEDAD | ||
| 650 | |a EMPLEADOS | ||
| 650 | |a EMPRESAS | ||
| 650 | |a ORGANIZACIONES NO GUBERNAMENTALES | ||
| 650 | |a COSTA RICA | ||
| 999 | |c 13088 |d 13088 | ||



